000
00326 a2200157 4500
001
161316
020
_a
040
_c
Magnum
100
_a
-
240
1
0
_a
Chapeuzinho vermelho/globo
_l
por
245
1
0
_a
Chapeuzinho vermelho/globo
362
0
_a
1899
440
1
_a
Globo
697
_a
IJ/AVENTURA, CRIANCAS
942
_c
BK
999
_c
161316
_d
161316